书目信息 |
| 题名: |
贾家楼
|
|
| 作者: | 陈荫荣 讲述 ;金受申 整理 | |
| 分册: | ||
| 出版信息: | 北京 中国曲艺出版社 1981 |
|
| 页数: | 233页 | |
| 开本: | 19cm | |
| 丛书名: | 传统评书《兴唐传》 | |
| 单 册: | ||
| 中图分类: | I239.8 | |
| 科图分类: | ||
| 主题词: | 戏剧文学--剧本--中国 , 评话--中国--现代 | |
| 电子资源: | ||
| ISBN: | ||
| 000 | 00759nam0 2200277 45 | |
| 001 | 0181002076 | |
| 005 | 20061111104023.25 | |
| 010 | @dCNY0.60 | |
| 091 | @a10227.003 | |
| 100 | @a19950323d1981 em y0chiy0121 ea | |
| 101 | 0 | @achi |
| 102 | @aCN@b110000 | |
| 105 | @ay z 000by | |
| 200 | 10 | @a贾家楼@Ajia jia lou@f陈荫荣讲述@g金受申整理 |
| 210 | @a北京@c中国曲艺出版社@d1981 | |
| 215 | @a233页@d19cm | |
| 225 | 2 | @a传统评书《兴唐传》@v3 |
| 410 | 0 | @120010@a传统评书《兴唐传》之三 |
| 606 | 0 | @a戏剧文学@x剧本@x中国 |
| 606 | @a评话@y中国@z现代 | |
| 690 | @aI239.8 | |
| 701 | 0 | @a陈荫荣@Achen yin rong@4讲述 |
| 702 | 0 | @a金受申@Ajin shou shen@4整理 |
| 801 | 0 | @aCN@b上海图书馆@c20061111 |
| 801 | 2 | @aCN@bNLC@c20060913 |
| 905 | @dI239.8@e12:3 | |
| 贾家楼/陈荫荣讲述/金受申整理.-北京:中国曲艺出版社,1981 |
| 233页;19cm.-(传统评书《兴唐传》;3) |
| ISBN :CNY0.60 |
| ● |
| 相关链接 |
|
|
|
|
正题名:贾家楼
索取号:I239.8/12:3
 
预约/预借
| 序号 | 登录号 | 条形码 | 馆藏地/架位号 | 状态 | 备注 |
| 1 | 0040495 | 001589640 | 第二借阅区/ [索取号:I239.8/12:3] | 在馆 | |
| 2 | 0040496 | 000960945 | 第二借阅区/ [索取号:I239.8/12:3] | 在馆 | |
| 3 | 0040497 | 001892562 | 密集书库/ [索取号:I239.8/12:3] | 在馆 | |
| 4 | 0040498 | 000960026 | 第二借阅区/ [索取号:I239.8/12:3] | 在馆 | |
| 5 | 0040499 | 001892580 | 密集书库/ [索取号:I239.8/12:3] | 在馆 | |
| 6 | 0040500 | 000960017 | 第二借阅区/ [索取号:I239.8/12:3] | 在馆 | |
| 7 | 0040501 | 000960954 | 第二借阅区/ [索取号:I239.8/12:3] | 在馆 | |
| 8 | 0040502 | 001892599 | 密集书库/ [索取号:I239.8/12:3] | 在馆 | |
| 9 | 0040503 | 000960035 | 第二借阅区/ [索取号:I239.8/12:3] | 在馆 | |
| 10 | 0040504 | 000960963 | 第一样本阅览室/ [索取号:I239.8/12:3] | 在馆 | |
| 11 | 0473198 | 204731987 | 密集书库/ [索取号:I239.8/12:3] | 在馆 | |
| 12 | 0473458 | 204734582 | 密集书库/ [索取号:I239.8/12:3] | 在馆 |